Nghệ thuật Chămpa câu chuyện của những pho tượng cổ
Giới thiệu về lịch sử và tiến trình của nghệ thuật điêu khắc Chămpa thông qua các pho tượng nổi tiếng, các pho tượng đang được thờ phụng trong các chùa và miếu của người Việt, các pho tượng mới được các nhà khảo cổ học và nhân dân đưa lên khỏi lòng đất từ sau năm 1975...
সংরক্ষণ করুন:
| প্রধান লেখক: | |
|---|---|
| বিন্যাস: | গ্রন্থ |
| ভাষা: | Vietnamese |
| প্রকাশিত: |
H.
Mỹ thuật
2016
|
| বিষয়গুলি: | |
| ট্যাগগুলো: |
ট্যাগ যুক্ত করুন
কোনো ট্যাগ নেই, প্রথমজন হিসাবে ট্যাগ করুন!
|
| Thư viện lưu trữ: | Mạng thư viện Đại học Đà Nẵng |
|---|
| LEADER | 01685nam a2200385 4500 | ||
|---|---|---|---|
| 001 | 000024719 | ||
| 003 | 21208 | ||
| 005 | 20170223080256.0 | ||
| 008 | 170104s2016 viesd | ||
| 041 | 0 | |a vie | |
| 082 | 1 | 4 | |a 704.039922 |b NG-D |
| 100 | 1 | |a Ngô Văn Doanh | |
| 245 | 1 | 0 | |a Nghệ thuật Chămpa câu chuyện của những pho tượng cổ |c Ngô Văn Doanh |
| 260 | |a H. |b Mỹ thuật |c 2016 | ||
| 300 | |a 510 tr. |b hình ảnh |c 21 cm. | ||
| 500 | |a ĐTTS ghi: Hội Văn nghệ dân gian Việt Nam | ||
| 520 | 3 | |a Giới thiệu về lịch sử và tiến trình của nghệ thuật điêu khắc Chămpa thông qua các pho tượng nổi tiếng, các pho tượng đang được thờ phụng trong các chùa và miếu của người Việt, các pho tượng mới được các nhà khảo cổ học và nhân dân đưa lên khỏi lòng đất từ sau năm 1975 | |
| 650 | 0 | 4 | |a Khắc đá |x Dân tộc Chăm |z Việt Nam |
| 650 | 0 | 4 | |a Tượng |x Dân tộc Chăm |z Việt Nam |
| 650 | 0 | 4 | |a Điêu khắc |x Dân tộc Chăm |z Việt Nam |
| 653 | |a Nghệ thuật điêu khắc | ||
| 653 | |a Tượng | ||
| 653 | |a Vương quốc Champa | ||
| 653 | |a Di tích cổ | ||
| 653 | |a Chămpa | ||
| OWN | |a LSP | ||
| AVA | |a UDN50 |b LSP |d 704.039922 NG-D |e available |t Error 5001 Not defined in file expand_doc_bib_avail. |f 1 |g 0 |h N |i 0 |k 1 | ||
| 999 | |a From the UDN01 | ||
| AVA | |a UDN50 |b LSP |d 704.039922 NG-D |e available |t Error 5001 Not defined in file expand_doc_bib_avail. |f 1 |g 0 |h N |i 0 |k 1 | ||
| TYP | |a Monograph | ||
| TYP | |a Printed language | ||
| 980 | |a Mạng thư viện Đại học Đà Nẵng | ||